| 000 | 00956nas a2200301 4500 | ||
|---|---|---|---|
| 001 | BR2011000308 | ||
| 003 | BR-BrBNA | ||
| 005 | 20231205114839.0 | ||
| 007 | ta | ||
| 008 | 230509b bl.|||p| |||| 00| 00por d | ||
| 040 |
_aBR-BrBNA _bpor _cBiblioteca Nacional de Agricultura |
||
| 041 | _a(En) | ||
| 072 | _aF30 | ||
| 100 | 1 | _aOblessuc, P.R. | |
| 100 | 1 | _aCampos, T. de | |
| 100 | 1 | _aCardoso, J.M.K. | |
| 100 | 1 | _aSforça, D.A. | |
| 100 | 1 | _aBaroni, R.M. | |
| 100 | 1 | _aSouza, A.P. de | |
| 100 | 1 | _aBenchimol, L.L. | |
| 245 | 1 | _aNotas cientificas, Adaptation of fluorescent technique for genotyping with new microsatellite markers in common bean | |
| 650 | _aFEIJÃO | ||
| 650 | _aMARCADOR MOLECULAR | ||
| 650 | _aMELHORAMENTO GENÉTICO VEGETAL | ||
| 773 | 0 |
_tPesquisa Agropecuária Brasileira (Brazil) _xISSN 0100-204X _g(Jun 2009), v. 44(6) p. 638-644 _wBR2011000308 |
|
| 909 |
_a202311 _bLúcia _c55 _dLúcia Elande |
||
| 942 |
_2AGRIS _n0 _cANA |
||
| 999 |
_c210798 _d210798 |
||